Enfoques pedagógicos y didácticas contemporáneas / (Registro nro. 42144)

Detalles MARC
000 -LEADER
fixed length control field 00793nam a2200205 a 4500
005 - DATE AND TIME OF LATEST TRANSACTION
control field 20250429224204.0
008 - FIXED-LENGTH DATA ELEMENTS--GENERAL INFORMATION
fixed length control field 040607s2003 ck ad fr 000 0 spa d
020 ## - INTERNATIONAL STANDARD BOOK NUMBER
International Standard Book Number 9589696775
040 ## - CATALOGING SOURCE
Original cataloging agency CO-CtgCURN
Language of cataloging spa
Transcribing agency coctgcurn
082 04 - DEWEY DECIMAL CLASSIFICATION NUMBER
Classification number 370.15
Item number E569
Edition information 21
245 00 - TITLE STATEMENT
Title Enfoques pedagógicos y didácticas contemporáneas /
Statement of responsibility, etc. Zubira Samper, Miguel de, director conceptual.
260 ## - PUBLICATION, DISTRIBUTION, ETC.
Place of publication, distribution, etc. [Bogotá] :
Name of publisher, distributor, etc. Fundación Internacional de Pedagogía Conceptual Alberto Merani,
Date of publication, distribution, etc. 2003.
300 ## - PHYSICAL DESCRIPTION
Extent 351 p. :
Other physical details ilustraciones.
650 17 - SUBJECT ADDED ENTRY--TOPICAL TERM
Topical term or geographic name entry element Autonomia educativa.
Source of heading or term LEMB
650 17 - SUBJECT ADDED ENTRY--TOPICAL TERM
Topical term or geographic name entry element Pedagogia.
Source of heading or term LEMB
650 17 - SUBJECT ADDED ENTRY--TOPICAL TERM
Topical term or geographic name entry element Calidad de la educación.
Source of heading or term LEMB
700 1# - ADDED ENTRY--PERSONAL NAME
Personal name Zubiria Samper, Miguel de.
942 ## - ADDED ENTRY ELEMENTS (KOHA)
Institution code [OBSOLETE] MHC
-- MHC
Koha item type Libros
Classification part 370.15
Item part E569
Source of classification or shelving scheme Dewey Decimal Classification
Existencias
Withdrawn status Lost status Source of classification or shelving scheme Damaged status Not for loan Collection Home library Current library Shelving location Date acquired Inventory number Total checkouts Full call number Barcode Date last seen Price effective from Koha item type Public note
    Dewey Decimal Classification     General Miguel Henríquez Castañeda Miguel Henríquez Castañeda General 04/29/2025 023964   370.15 E569 023964 04/29/2025 04/29/2025 Libros 370-EDUCAC